000 01811nam0a2200361 4500
001 RU\NLR\bibl\1370126
005 20260408200635.0
010 _a978-5-86443-147-4
_9500
021 _aRU
_b2009-22648
_91340
035 _a(nilc)RSL-KNO-004271448
035 _a(NLR Aleph) 001362258
090 _a988647
_c988647
100 _a20090318d2008 |||y0rusy50 ca
101 0 _arus
102 _aRU
105 _aa |||||||||
200 1 _aСтаринные усадьбы и дачи Подмосковья
_eбиблиографический указатель, (1992 - 2006)
_fГ. Д. Злочевский
_gМ-во культуры Российской Федерации, Российский науч.-исслед. ин-т культурного и природного наследия им. Д. С. Лихачева, О-во изучения русской усадьбы
210 _aМосква
_cРоссийский научно-исследовательский институт культурного и природного наследия
_d2008
215 _a639 с.
_cил.
_d23
300 _aНа 4-й с. обл. авт.: Злочевский Г.Д., к.т.н.
320 _aДр. кн. авт. на 4-й с. обл.
606 _aУсадьбы
_yМосковская область
_jБиблиография
_3RU\NLR\AUTH\661441189
_92419890
686 _aТ3(2Р-4Мо)я1
_2rubbk
686 _aТ3(2)0-752.29Московская область. я1
_2rubbk
686 _aТ3(2Р-4Мо)я1
700 1 _aЗлочевский
_bГ. Д.
_gГарольд Давидович
_4070
801 0 _aRU
_bРГБ
_c20090318
_grcr
801 1 _aRU
_bРГБ
_c20090318
801 2 _aRU
_bNLR
_c20090519
_grcr
942 _cBOOK
980 _aNB